S/o le Flem - Django, Roi Heenok, Freeze Corleone - Statistiques

Statistiques générales
  • Ce quiz a été pris 40 fois
  • Le résultat moyen est 187 sur 420
Statistiques - réponses
Hint Réponse % Correct
&
100%
S/o
100%
s/o
100%
d'
93%
le
93%
Le
93%
la
89%
La
89%
89%
à
85%
et
81%
Et
81%
On
81%
on
81%
Django
78%
Les
78%
les
78%
ces
70%
comme
70%
sur
70%
dans
67%
2e Couplet (Roi Heenok) Dans
67%
de
67%
pas
67%
tout
67%
elle
63%
en
63%
Flem
63%
fuck
63%
Fuck
63%
ils
63%
Chen
59%
mon
59%
par
59%
des
56%
lave
56%
Mbappé
56%
poteaux
56%
Toutes
56%
toutes
56%
100
52%
avec
52%
Corleone
52%
Freeze
52%
mort
52%
photos
52%
points
52%
rentre
52%
se
52%
shampoing
52%
Soit
52%
soit
52%
touche
52%
coin
48%
Congo
48%
coup
48%
est
48%
Headshot
48%
Heenoko
48%
Je
48%
je
48%
killu'
48%
Killu'
48%
l'objectif
48%
nous
48%
ont
48%
Saddam
48%
sans
48%
sourire
48%
vie
48%
Adam
44%
Bill
44%
cercle
44%
d'âme
44%
famille
44%
Ku
44%
négro
44%
ou
44%
pédophile
44%
aka
41%
apparemment
41%
blanc
41%
Blanc
41%
Ca
41%
c'est
41%
chaque
41%
écoute
41%
fraternise
41%
j'ai
41%
j'suis
41%
négros
41%
Noir
41%
plus
41%
Raël
41%
secte
41%
tu
41%
Zen
41%
667
37%
Assou
37%
Audi
37%
Cœur
37%
commerce
37%
Ekip
37%
fin
37%
gouvernement
37%
Klux
37%
parler
37%
pyramidal
37%
que
37%
roi
37%
sous
37%
triangulaire
37%
Bohémien
33%
Bush
33%
coupes
33%
Ekotto
33%
fait
33%
frelon
33%
jamais
33%
Klan
33%
l'début
33%
Loto
33%
muerte
33%
n'a
33%
peur
33%
pour
33%
Satan
33%
sauras
33%
sont
33%
un
33%
vraiment
33%
Allah
30%
Audio
30%
Club
30%
c'qui
30%
du
30%
faibles
30%
femmes
30%
Gangster
30%
Gentleman
30%
G&G
30%
gouttes
30%
hommes
30%
j'découpe
30%
j'me
30%
l'droit
30%
porte
30%
prendre
30%
prie
30%
quand
30%
Rap
30%
rap
30%
rue
30%
savent
30%
seul
30%
Si
30%
t'attend
30%
très
30%
trouvé
30%
Black
26%
certainement
26%
comprennent
26%
concu'
26%
détestable
26%
deux
26%
française
26%
gens
26%
J'marche
26%
j'marche
26%
leurs
26%
ma
26%
m'dire
26%
moi
26%
pères
26%
pousse
26%
pyramides
26%
qu'avoir
26%
respect
26%
scène
26%
sérieux
26%
Somaliens
26%
stable
26%
trouverais
26%
viens
26%
bêtises
22%
Boss
22%
chancelier
22%
Christ
22%
croisais
22%
demande
22%
dur
22%
Equipe
22%
fils
22%
habillé
22%
hardcore
22%
Jacques
22%
jours
22%
j'vais
22%
J'vise
22%
j'vois
22%
J'vois
22%
lacets
22%
lier
22%
méditant
22%
micro-puce
22%
mode
22%
Mondial
22%
Nouveau
22%
nuits
22%
Parker
22%
pédés
22%
prophétique
22%
psyché
22%
rester
22%
rouges
22%
sage
22%
sang
22%
Seba
22%
Tes
22%
Tony
22%
Voie
22%
vos
22%
Albator
19%
beaucoup
19%
col
19%
couilles
19%
coupent
19%
d'braves
19%
d'mon
19%
d'putes
19%
hitmarker
19%
Kémi
19%
Lacan
19%
lactée
19%
l'soleil
19%
Mesrine
19%
piédestal
19%
sais
19%
sale
19%
suprémaciste
19%
veines
19%
1er Couplet (Django) Yeah
19%
40
15%
Amédée
15%
Atlanta
15%
bazookas
15%
blancs
15%
Blood
15%
Brooklyn
15%
castrats
15%
Chicago
15%
d'Afghanistan
15%
direct
15%
3e couplet (Freeze Corleone) Han
15%
j'arrive
15%
j'dérange
15%
jeûne
15%
lackante
15%
l'argent
15%
rappeurs
15%
Spetsnaz
15%
vaisseau
15%
9.3
11%
Erigent
11%
étudie
11%
genoux
11%
l'Arkansas
11%
livres
11%
loges
11%
logo
11%
marxiste
11%
musique
11%
pars
11%
Pop
11%
R.E.P
11%
Smoke
11%
super
11%
tapis
11%
américain
7%
Anunnaki
7%
Berlin
7%
cryptée
7%
déviances
7%
hiéroglyphique
7%
interdits
7%
Israélite
7%
pro-noir
7%
Queensbridge
7%
Aucun quiz correspondant
Distribution des résultats
% des personnes avec chaque résultat
Percentile par nombre de réponses
Votre historique - résultats
Vous n’avez pas pris ce quiz